| 000 | 00635nam a2200181Ia 4500 | ||
|---|---|---|---|
| 008 | 100917s9999 xx 000 0 und d | ||
| 082 | _b61236 | ||
| 100 | _aसोहोनी श्री. वि. | ||
| 245 | _aरेडिओ रचना आणि कार्य | ||
| 260 |
_bमहाराष्ट्र राज्य साहित्य व संस्कृती मंडळ _c1969 |
||
| 300 | _a447 | ||
| 365 | _b10 | ||
| 520 | _a--- | ||
| 630 | _aरेडिओ रचना आणि कार्य | ||
| 650 | _a--- | ||
| 730 | _aरेडिओ रचना आणि कार्य | ||
| 942 | _cBOOK | ||
| 999 |
_c666630 _d666627 |
||